<?xml version="1.0" encoding="UTF-8"?>
<record
    xmlns:xsi="http://www.w3.org/2001/XMLSchema-instance"
    xsi:schemaLocation="http://www.loc.gov/MARC21/slim http://www.loc.gov/standards/marcxml/schema/MARC21slim.xsd"
    xmlns="http://www.loc.gov/MARC21/slim">

  <leader>00650nam a2200217 a 4500</leader>
  <controlfield tag="001">2958</controlfield>
  <controlfield tag="003">CDMR</controlfield>
  <controlfield tag="005">20131106140426.0</controlfield>
  <controlfield tag="008">130130s1988||||||||||||||||||||||||||||d</controlfield>
  <datafield tag="020" ind1=" " ind2=" ">
    <subfield code="a">84223407357</subfield>
  </datafield>
  <datafield tag="040" ind1=" " ind2=" ">
    <subfield code="a">CDMR</subfield>
    <subfield code="b">cat</subfield>
    <subfield code="c">CDMR</subfield>
  </datafield>
  <datafield tag="100" ind1="1" ind2=" ">
    <subfield code="a">Bezunartea, Ofa</subfield>
    <subfield code="9">2178</subfield>
  </datafield>
  <datafield tag="245" ind1="1" ind2="0">
    <subfield code="a">Noticias e ideologia profesional</subfield>
    <subfield code="b">: la prensa vasca en la transici&#xF3;n pol&#xED;tica</subfield>
    <subfield code="c">Ofa Bezunartea</subfield>
  </datafield>
  <datafield tag="260" ind1=" " ind2=" ">
    <subfield code="a">Bilbao</subfield>
    <subfield code="c">DL 1988</subfield>
    <subfield code="b">Deusto</subfield>
  </datafield>
  <datafield tag="300" ind1=" " ind2=" ">
    <subfield code="a">319 p.</subfield>
  </datafield>
  <datafield tag="490" ind1="0" ind2=" ">
    <subfield code="a">Deusto</subfield>
    <subfield code="v">420</subfield>
  </datafield>
  <datafield tag="650" ind1="0" ind2="4">
    <subfield code="9">4090</subfield>
    <subfield code="a">Premsa i pol&#xED;tica</subfield>
    <subfield code="z">Espanya</subfield>
  </datafield>
  <datafield tag="650" ind1="0" ind2="4">
    <subfield code="9">4066</subfield>
    <subfield code="a">Premsa</subfield>
    <subfield code="z">Pa&#xED;s Basc</subfield>
  </datafield>
  <datafield tag="650" ind1="0" ind2="4">
    <subfield code="9">3703</subfield>
    <subfield code="a">Espanya</subfield>
    <subfield code="x">Hist&#xF2;ria</subfield>
    <subfield code="y">1975-1982, Transici&#xF3;</subfield>
  </datafield>
  <datafield tag="942" ind1=" " ind2=" ">
    <subfield code="c">MON</subfield>
    <subfield code="2">udc</subfield>
  </datafield>
  <datafield tag="999" ind1=" " ind2=" ">
    <subfield code="c">2958</subfield>
    <subfield code="d">2958</subfield>
  </datafield>
  <datafield tag="952" ind1=" " ind2=" ">
    <subfield code="0">0</subfield>
    <subfield code="1">0</subfield>
    <subfield code="4">0</subfield>
    <subfield code="7">0</subfield>
    <subfield code="a">CDMR</subfield>
    <subfield code="b">CDMR</subfield>
    <subfield code="d">2013-01-16</subfield>
    <subfield code="l">0</subfield>
    <subfield code="o">Dg /28</subfield>
    <subfield code="p">CDMR13108434</subfield>
    <subfield code="r">2013-01-16</subfield>
    <subfield code="w">2013-01-16</subfield>
    <subfield code="y">MON</subfield>
  </datafield>
</record>
